000 00822nam a2200217Ii 4500
003 JO-AjNU
008 230605s9999||||xx |||||||||||||| ||und||
020 _a978-9957-98-133-4
040 _aJO-AjNU
_bara
_erda
_cJO-AjNU
041 _aara
050 1 4 _aDS38.4.A2.K437 2019
100 3 _aخربوطلي، شكران عبد الرحمن,
_eauthor
_960824
245 0 0 _aتاريخ العرب في عصر الرسول والخلفاء الراشدين
250 _aط1
264 3 1 _aعمان: دار الاعصار العلمي للنشر والتوزيع، 2019
300 _a415ص
_bيحتوي على خرائط وصور توضيحية
336 _atext
_btxt
_2rdacontent
337 _aunmediated
_bn
_2rdamedia
338 _avolume
_bnc
_2rdacarrier
650 4 _aالعرب- التاريخ الاسلامي
_960825
999 _aA27456
_c31024
_d31024